| 000 | 00594nam a2200241Ia 4500 | ||
|---|---|---|---|
| 008 | 171025s9999 xx 000 0 und d | ||
| 020 | _a9781615641475 | ||
| 050 | _a613.7 | ||
| 050 | _bK18 2012 | ||
| 100 | _aKarter, Karon | ||
| 245 | 4 | _aThe complete idiot's guide to pilates on the mat / | |
| 245 | _cby Karon Karter. | ||
| 260 | _aUSA : | ||
| 260 | _bAlpha, | ||
| 260 | _c2012 | ||
| 300 | _axi, 228 pages : | ||
| 300 | _billustrations ; | ||
| 300 | _c23cm. | ||
| 500 | _aIncludes glossary nd index. | ||
| 650 | _aExercise. | ||
| 650 | _aPilates method. | ||
| 700 | _aTitle. | ||
| 999 |
_c344624 _d344624 |
||